{"text_format":"3","workbook":"xlsx","n_sheets":1,"sheets":["t263"],"read":"whole","date_system":"1900"}

{"sheet":"t263","index":0,"n_rows":160,"n_cols":7,"rows_kept":160,"merged":[[0,0,0,6],[30,0,30,5],[41,0,41,5],[140,0,140,5]]}
["TABELA 263.1 - Estatísticas Agrícolas, Município de Itapura, Estado de São Paulo, 2007/08."]
["ITEM","UNIDADE","N.DE UPAs","MÍNIMO","MÉDIO","MÁXIMO","TOTAL"]
["Distância à sede do município","km",153,0.1,{"v":14.31,"d":"14.3"},{"v":32,"d":"32.0"},"-"]
["Área total","hectare",153,1.2,{"v":164.66,"d":"164.7"},{"v":5029.4,"d":"5,029.4"},{"v":25193.1,"d":"25,193.1"}]
["Área com cultura perene","hectare",3,0.4,{"v":1.57,"d":"1.6"},3.1,4.7]
["Área com cultura temporária","hectare",100,0.5,{"v":119.62,"d":"119.6"},{"v":3426.9,"d":"3,426.9"},{"v":11961.5,"d":"11,961.5"}]
["Área com pastagem","hectare",132,0.6,{"v":81.04,"d":"81.0"},{"v":1752.2,"d":"1,752.2"},{"v":10697.9,"d":"10,697.9"}]
["Área com reflorestamento","hectare","-","-","-","-",{"v":0,"d":"0.0"}]
["Área com vegetação natural","hectare",36,0.4,{"v":45.94,"d":"45.9"},612.5,{"v":1653.9,"d":"1,653.9"}]
["Área com vegetação de brejo e várzea","hectare",35,0.7,{"v":15.81,"d":"15.8"},207.9,553.5]
["Área em descanso","hectare",1,12.5,12.5,12.5,12.5]
["Área complementar","hectare",138,0.1,{"v":2.24,"d":"2.2"},78.3,309.1]
["Área das UPAs com (0, 1] ha","hectare","-","-","-","-","-"]
["Área das UPAs com (1, 2] ha","hectare",2,1.2,{"v":1.35,"d":"1.4"},1.5,2.7]
["Área das UPAs com (2, 5] ha","hectare",5,2.4,{"v":2.84,"d":"2.8"},3.1,14.2]
["Área das UPAs com (5, 10] ha","hectare",7,5.7,{"v":7.99,"d":"8.0"},{"v":10,"d":"10.0"},55.9]
["Área das UPAs com (10, 20] ha","hectare",79,{"v":11,"d":"11.0"},{"v":12.48,"d":"12.5"},19.3,985.6]
["Área das UPAs com (20, 50] ha","hectare",22,20.1,{"v":32.88,"d":"32.9"},48.4,723.4]
["Área das UPAs com (50, 100] ha","hectare",5,54.8,{"v":65.74,"d":"65.7"},72.6,328.7]
["Área das UPAs com (100, 200] ha","hectare",10,{"v":122,"d":"122.0"},{"v":140.25,"d":"140.3"},193.6,{"v":1402.5,"d":"1,402.5"}]
["Área das UPAs com (200, 500] ha","hectare",9,222.6,{"v":319.28,"d":"319.3"},{"v":450,"d":"450.0"},{"v":2873.5,"d":"2,873.5"}]
["Área das UPAs com (500, 1.000] ha","hectare",6,503.3,{"v":660.62,"d":"660.6"},992.2,{"v":3963.7,"d":"3,963.7"}]
["Área das UPAs com (1.000, 2.000] ha","hectare",7,{"v":1046.6,"d":"1,046.6"},{"v":1401.93,"d":"1,401.9"},{"v":1862.8,"d":"1,862.8"},{"v":9813.5,"d":"9,813.5"}]
["Área das UPAs com (2.000, 5.000] ha","hectare","-","-","-","-","-"]
["Área das UPAs com (5.000, 10.000] ha","hectare",1,{"v":5029.4,"d":"5,029.4"},{"v":5029.4,"d":"5,029.4"},{"v":5029.4,"d":"5,029.4"},{"v":5029.4,"d":"5,029.4"}]
["Área das UPAs acima de 10.000 ha","hectare","-","-","-","-","-"]
["Familiares do proprietário que trabalham na UPA","unidade",103,{"v":1,"d":"1.0"},{"v":1.92,"d":"1.9"},{"v":7,"d":"7.0"},{"v":198,"d":"198.0"}]
["Trabalhadores permanentes","unidade",32,{"v":1,"d":"1.0"},{"v":7.13,"d":"7.1"},{"v":161,"d":"161.0"},{"v":228,"d":"228.0"}]
["Fonte: Secretaria de Agricultura e Abastecimento, CDRS/IEA, Projeto LUPA."]
[]
["TABELA 263.2 - Explorações Animais, Município de Itapura, Estado de São Paulo, 2007/08."]
["ITEM","UNIDADE","N.DE UPAs","MÍNIMO","MÉDIO","MÁXIMO","TOTAL"]
["Asininos E Muares","cabeças",5,{"v":1,"d":"1.0"},1.6,{"v":2,"d":"2.0"},{"v":8,"d":"8.0"}]
["Bovinocultura de Corte","cabeças",25,{"v":30,"d":"30.0"},{"v":469.56,"d":"469.6"},{"v":2953,"d":"2,953.0"},{"v":11739,"d":"11,739.0"}]
["Bovinocultura Leiteira","cabeças",1,{"v":110,"d":"110.0"},{"v":110,"d":"110.0"},{"v":110,"d":"110.0"},{"v":110,"d":"110.0"}]
["Bovinocultura Mista","cabeças",102,{"v":4,"d":"4.0"},{"v":23.66,"d":"23.7"},{"v":243,"d":"243.0"},{"v":2413,"d":"2,413.0"}]
["Equinocultura","cabeças",80,{"v":1,"d":"1.0"},{"v":4.23,"d":"4.2"},{"v":42,"d":"42.0"},{"v":338,"d":"338.0"}]
["Ovinocultura","cabeças",14,{"v":3,"d":"3.0"},47.5,{"v":200,"d":"200.0"},{"v":665,"d":"665.0"}]
["Suinocultura","cabeças",15,{"v":1,"d":"1.0"},10.2,{"v":50,"d":"50.0"},{"v":153,"d":"153.0"}]
["Fonte: Secretaria de Agricultura e Abastecimento, CDRS/IEA, Projeto LUPA."]
[]
["TABELA 263.3 -  Máquinas, Implementos e Benfeitorias, Município de Itapura, Estado de São Paulo, 2007/08."]
["ITEM","UNIDADE","N.DE UPAs","MÍNIMO","MÉDIO","MÁXIMO","TOTAL"]
["Arado Comum (Bacia, Aiveca)","Unidade",14,{"v":1,"d":"1.0"},1.5,{"v":5,"d":"5.0"},{"v":21,"d":"21.0"}]
["Arado Escarificador","Unidade",4,{"v":1,"d":"1.0"},{"v":1,"d":"1.0"},{"v":1,"d":"1.0"},{"v":4,"d":"4.0"}]
["Arado Subsolador","Unidade",1,{"v":1,"d":"1.0"},{"v":1,"d":"1.0"},{"v":1,"d":"1.0"},{"v":1,"d":"1.0"}]
["Batedeira de Cereais","Unidade",1,{"v":1,"d":"1.0"},{"v":1,"d":"1.0"},{"v":1,"d":"1.0"},{"v":1,"d":"1.0"}]
["Colhedeira Acoplada","Unidade",1,{"v":1,"d":"1.0"},{"v":1,"d":"1.0"},{"v":1,"d":"1.0"},{"v":1,"d":"1.0"}]
["Colhedeira Automotriz","Unidade",2,{"v":1,"d":"1.0"},{"v":1,"d":"1.0"},{"v":1,"d":"1.0"},{"v":2,"d":"2.0"}]
["Computador","Unidade",2,{"v":1,"d":"1.0"},{"v":4,"d":"4.0"},{"v":7,"d":"7.0"},{"v":8,"d":"8.0"}]
["Conj.Irrigação Autopropelido","Unidade",1,{"v":1,"d":"1.0"},{"v":1,"d":"1.0"},{"v":1,"d":"1.0"},{"v":1,"d":"1.0"}]
["Conj.Irrigação Convencional","Unidade",1,{"v":1,"d":"1.0"},{"v":1,"d":"1.0"},{"v":1,"d":"1.0"},{"v":1,"d":"1.0"}]
["Conj.Irrigação Pivot Central","Unidade",4,{"v":1,"d":"1.0"},{"v":6,"d":"6.0"},{"v":16,"d":"16.0"},{"v":24,"d":"24.0"}]
["Conj.Irrigação/Gotejamento/Microaspersão","Unidade",1,{"v":1,"d":"1.0"},{"v":1,"d":"1.0"},{"v":1,"d":"1.0"},{"v":1,"d":"1.0"}]
["Conjunto de Fenação","Unidade",1,{"v":2,"d":"2.0"},{"v":2,"d":"2.0"},{"v":2,"d":"2.0"},{"v":2,"d":"2.0"}]
["Desintegrador de Palha (Plantio Direto)","Unidade",2,{"v":1,"d":"1.0"},{"v":1,"d":"1.0"},{"v":1,"d":"1.0"},{"v":2,"d":"2.0"}]
["Desintegrador, Picador, Triturador","Unidade",48,{"v":1,"d":"1.0"},{"v":1.06,"d":"1.1"},{"v":2,"d":"2.0"},{"v":51,"d":"51.0"}]
["Distribuidor de Calcário","Unidade",7,{"v":1,"d":"1.0"},{"v":1.29,"d":"1.3"},{"v":2,"d":"2.0"},{"v":9,"d":"9.0"}]
["Ensiladeira","Unidade",5,{"v":1,"d":"1.0"},1.2,{"v":2,"d":"2.0"},{"v":6,"d":"6.0"}]
["Grade Aradora (Tipo Romi)","Unidade",12,{"v":1,"d":"1.0"},{"v":1.67,"d":"1.7"},{"v":6,"d":"6.0"},{"v":20,"d":"20.0"}]
["Grade Niveladora","Unidade",13,{"v":1,"d":"1.0"},{"v":1.62,"d":"1.6"},{"v":5,"d":"5.0"},{"v":21,"d":"21.0"}]
["Implementos para Tração Animal","Unidade",13,{"v":1,"d":"1.0"},{"v":1.85,"d":"1.9"},{"v":5,"d":"5.0"},{"v":24,"d":"24.0"}]
["Microtrator","Unidade",1,{"v":1,"d":"1.0"},{"v":1,"d":"1.0"},{"v":1,"d":"1.0"},{"v":1,"d":"1.0"}]
["Misturador de Ração","Unidade",2,{"v":1,"d":"1.0"},{"v":1,"d":"1.0"},{"v":1,"d":"1.0"},{"v":2,"d":"2.0"}]
["Ordenhadeira Mecânica","Unidade",10,{"v":1,"d":"1.0"},{"v":1,"d":"1.0"},{"v":1,"d":"1.0"},{"v":10,"d":"10.0"}]
["Pulverizador Tratorizado","Unidade",6,{"v":1,"d":"1.0"},{"v":2.17,"d":"2.2"},{"v":4,"d":"4.0"},{"v":13,"d":"13.0"}]
["Resfriador de Leite, Tanque Expansão","Unidade",3,{"v":1,"d":"1.0"},{"v":1,"d":"1.0"},{"v":1,"d":"1.0"},{"v":3,"d":"3.0"}]
["Semeadeira/Adubadeira para Plantio Convencional","Unidade",4,{"v":1,"d":"1.0"},{"v":1,"d":"1.0"},{"v":1,"d":"1.0"},{"v":4,"d":"4.0"}]
["Semeadeira/Plantadeira Plantio Direto","Unidade",4,{"v":1,"d":"1.0"},{"v":2.25,"d":"2.3"},{"v":5,"d":"5.0"},{"v":9,"d":"9.0"}]
["Terraceador","Unidade",4,{"v":1,"d":"1.0"},{"v":1,"d":"1.0"},{"v":1,"d":"1.0"},{"v":4,"d":"4.0"}]
["Trator de Esteiras","Unidade",2,{"v":1,"d":"1.0"},{"v":1,"d":"1.0"},{"v":1,"d":"1.0"},{"v":2,"d":"2.0"}]
["Trator de Pneus","Unidade",20,{"v":1,"d":"1.0"},{"v":2.25,"d":"2.3"},{"v":14,"d":"14.0"},{"v":45,"d":"45.0"}]
["Açude/Represa","Unidade",27,{"v":1,"d":"1.0"},{"v":2.44,"d":"2.4"},{"v":11,"d":"11.0"},{"v":66,"d":"66.0"}]
["Almoxarifado/Oficina","Unidade",4,{"v":1,"d":"1.0"},{"v":1,"d":"1.0"},{"v":1,"d":"1.0"},{"v":4,"d":"4.0"}]
["Balança para Bovinos","Unidade",9,{"v":1,"d":"1.0"},{"v":1.33,"d":"1.3"},{"v":4,"d":"4.0"},{"v":12,"d":"12.0"}]
["Balança para Veículos","Unidade",1,{"v":1,"d":"1.0"},{"v":1,"d":"1.0"},{"v":1,"d":"1.0"},{"v":1,"d":"1.0"}]
["Barracão/Galpão/Garagem","Unidade",20,{"v":1,"d":"1.0"},{"v":1.05,"d":"1.1"},{"v":2,"d":"2.0"},{"v":21,"d":"21.0"}]
["Casa de Moradia Habitada","Unidade",124,{"v":1,"d":"1.0"},{"v":1.39,"d":"1.4"},{"v":13,"d":"13.0"},{"v":172,"d":"172.0"}]
["Casa de Moradia Total","Unidade",123,{"v":1,"d":"1.0"},{"v":1.54,"d":"1.5"},{"v":13,"d":"13.0"},{"v":189,"d":"189.0"}]
["Curral/Mangueira","Unidade",91,{"v":1,"d":"1.0"},1.1,{"v":4,"d":"4.0"},{"v":100,"d":"100.0"}]
["Depósito/Tulha","Unidade",58,{"v":1,"d":"1.0"},{"v":1.16,"d":"1.2"},{"v":3,"d":"3.0"},{"v":67,"d":"67.0"}]
["Estábulo","Unidade",1,{"v":1,"d":"1.0"},{"v":1,"d":"1.0"},{"v":1,"d":"1.0"},{"v":1,"d":"1.0"}]
["Instalações para Equinos","Unidade",3,{"v":1,"d":"1.0"},{"v":1.67,"d":"1.7"},{"v":3,"d":"3.0"},{"v":5,"d":"5.0"}]
["Máquina de Benefício","Unidade",1,{"v":1,"d":"1.0"},{"v":1,"d":"1.0"},{"v":1,"d":"1.0"},{"v":1,"d":"1.0"}]
["Pocilga","Unidade",12,{"v":1,"d":"1.0"},{"v":1,"d":"1.0"},{"v":1,"d":"1.0"},{"v":12,"d":"12.0"}]
["Poço Semi-Artesiano","Unidade",46,{"v":1,"d":"1.0"},{"v":1.11,"d":"1.1"},{"v":3,"d":"3.0"},{"v":51,"d":"51.0"}]
["Secador de Grãos","Unidade",2,{"v":1,"d":"1.0"},{"v":1,"d":"1.0"},{"v":1,"d":"1.0"},{"v":2,"d":"2.0"}]
["Silo para Grãos","t",2,{"v":120,"d":"120.0"},{"v":660,"d":"660.0"},{"v":1200,"d":"1,200.0"},{"v":1320,"d":"1,320.0"}]
["Silo para Silagem","t",3,{"v":1,"d":"1.0"},{"v":51.67,"d":"51.7"},{"v":150,"d":"150.0"},{"v":155,"d":"155.0"}]
["Fonte: Secretaria de Agricultura e Abastecimento, CDRS/IEA, Projeto LUPA."]
[]
["TABELA 263.4 - Outras Estatísticas Agrícolas, Município de Itapura, Estado de São Paulo, 2007/08."]
["ITEM","Número de UPAs",null,"Percentual"]
["Faz Parte de Associação de Produtores",17,null,{"v":11.111111111111112,"d":"11.1"}]
["Faz Parte de Cooperativa de Produtores",51,null,{"v":33.333333333333336,"d":"33.3"}]
["Faz Parte do Sindicato de Produtores",13,null,{"v":8.49673202614379,"d":"8.5"}]
["Não utiliza assistência técnica ",68,null,{"v":44.44444444444444,"d":"44.4"}]
["Utiliza somente assistência técnica governamental ",66,null,{"v":43.13725490196079,"d":"43.1"}]
["Utiliza somente assistência técnica privada ",19,null,{"v":12.418300653594772,"d":"12.4"}]
["Utiliza assistência técnica tanto governamental quanto privada","-",null,"-"]
["Utiliza Crédito Rural",77,null,{"v":50.326797385620914,"d":"50.3"}]
["Utiliza Seguro Rural",4,null,{"v":2.6143790849673203,"d":"2.6"}]
["Utiliza Escrituração Agrícola",12,null,{"v":7.8431372549019605,"d":"7.8"}]
["Acessa Internet p/ Fins na Agropecuária",10,null,{"v":6.535947712418301,"d":"6.5"}]
["Utiliza Computador nas Atividades Agropecuárias",8,null,{"v":5.228758169934641,"d":"5.2"}]
["Utiliza Energia Elétrica Para Uso na Atividade Agrícola",126,null,{"v":82.35294117647058,"d":"82.4"}]
["Realiza Análise de Solo, quando necessário",36,null,{"v":23.52941176470588,"d":"23.5"}]
["Utiliza Práticas de Conservação de Solo, quando necessário",107,null,{"v":69.93464052287581,"d":"69.9"}]
["Faz Adubação Mineral, quando necessário",77,null,{"v":50.326797385620914,"d":"50.3"}]
["Faz Adubação Orgânica, quando necessário",5,null,{"v":3.2679738562091507,"d":"3.3"}]
["Faz Adubação Verde, quando necessário",5,null,{"v":3.2679738562091507,"d":"3.3"}]
["Utiliza Manejo Integrado de Pragas (MIP)","-",null,"-"]
["Utiliza Hidroponia","-",null,"-"]
["Utiliza Plasticultura","-",null,"-"]
["Utiliza Mudas Fiscalizadas",3,null,{"v":1.9607843137254901,"d":"2.0"}]
["Utiliza Semente Melhorada",21,null,{"v":13.725490196078432,"d":"13.7"}]
["Faz Confinamento de Bovinos",3,null,{"v":1.9607843137254901,"d":"2.0"}]
["Utiliza Pastejo Intensivo",78,null,{"v":50.98039215686275,"d":"51.0"}]
["Faz Inseminação Artificial",1,null,{"v":0.6535947712418301,"d":"0.7"}]
["Faz Mineralização do Rebanho",117,null,{"v":76.47058823529412,"d":"76.5"}]
["Faz Vermifugação do Rebanho",118,null,{"v":77.12418300653594,"d":"77.1"}]
["Possui Parceiros /Arrendatários na Exploração Animal",9,null,{"v":5.882352941176471,"d":"5.9"}]
["Esporte e lazer","-",null,"-"]
["Extração mineral","-",null,"-"]
["Hotel Fazenda, Pousada ou SPA","-",null,"-"]
["Pesque-pague","-",null,"-"]
["Restaurante ou Lanchonete","-",null,"-"]
["Transformação artesanal",1,null,{"v":0.6535947712418301,"d":"0.7"}]
["Turismo rural ou ecoturismo","-",null,"-"]
["Outras atividades econômicas rurais","-",null,"-"]
["Agroindústria","-",null,"-"]
["Proprietário sem instrução ou com instrução incompleta",3,null,{"v":1.9607843137254901,"d":"2.0"}]
["Proprietário com antigo primário completo",53,null,{"v":34.64052287581699,"d":"34.6"}]
["Proprietário com 1° grau (ou antigo ginasial) completo",25,null,{"v":16.339869281045754,"d":"16.3"}]
["Proprietário com 2° grau (ou antigo colegial) completo",34,null,{"v":22.222222222222225,"d":"22.2"}]
["Proprietário com curso superior completo ",33,null,{"v":21.56862745098039,"d":"21.6"}]
["Pessoa Jurídica",5,null,{"v":3.2679738562091507,"d":"3.3"}]
["Proprietário residente na própria UPA ",85,null,{"v":55.55555555555555,"d":"55.6"}]
["Fonte: Secretaria de Agricultura e Abastecimento, CDRS/IEA, Projeto LUPA."]
[]
["TABELA 263.5 - Área Cultivada, Município de Itapura, Estado de São Paulo, 2007/08."]
["CULTURA","N.DE UPAs","MÍNIMO","MÉDIO","MÁXIMO","TOTAL"]
["Cana-de-acucar",73,0.3,{"v":136.65,"d":"136.7"},{"v":2513.8,"d":"2,513.8"},{"v":9975.4,"d":"9,975.4"}]
["Braquiaria",116,0.6,{"v":50.15,"d":"50.2"},{"v":1195.6,"d":"1,195.6"},{"v":5817.1,"d":"5,817.1"}]
["Coloniao",27,4.8,169.7,{"v":1065.7,"d":"1,065.7"},{"v":4581.8,"d":"4,581.8"}]
["Milho",49,0.3,{"v":45.31,"d":"45.3"},{"v":1366.3,"d":"1,366.3"},{"v":2220.4,"d":"2,220.4"}]
["Soja",1,709.5,709.5,709.5,709.5]
["Feijao",15,0.3,{"v":45.74,"d":"45.7"},237.1,686.1]
["Gramas",4,0.6,71.8,281.1,287.2]
["Crotalaria",1,{"v":108,"d":"108.0"},{"v":108,"d":"108.0"},{"v":108,"d":"108.0"},{"v":108,"d":"108.0"}]
["Mandioca",39,0.2,0.6,2.4,23.5]
["Capim-napier (ou capim-elefante)",19,0.2,{"v":0.49,"d":"0.5"},2.4,9.4]
["Milho-silagem",1,3.6,3.6,3.6,3.6]
["Coco-da-baia",2,0.4,{"v":1.75,"d":"1.8"},3.1,3.5]
["Outras gramineas para pastagem",1,2.4,2.4,2.4,2.4]
["Abobora (ou jerimum)",5,0.3,{"v":0.42,"d":"0.4"},0.6,2.1]
["Macadamia (ou noz-macadamia)",1,1.2,1.2,1.2,1.2]
["Quiabo",2,0.2,0.2,0.2,0.4]
["Melancia",1,0.2,0.2,0.2,0.2]
["Fonte: Secretaria de Agricultura e Abastecimento, CDRS/IEA, Projeto LUPA."]